000 00529cam a22001577a 4500
008 180718b2008 xxu||||| |||| 00| 0 eng d
082 _aAPPPA 2007-08/GAR
100 _aGarg, Virender Kumar
245 _aDisaster management- mitigation of earthquake
_cby Virender Kumar Garg
260 _aNew Delhi
_bIndian Institute of Public Administration
_c2008
300 _a134p.
500 _aAn APPPA M.Phil dissertation, 2007-08 (Guide: V.K. Sharma)
650 _aEarthquakes
650 _aEmergency management
650 _aDisasters
999 _c493619
_d493619